000 00458nam a2200181Ia 4500
001 23147
005 20260414150918.0
008 260414t2017||||xx |||||||||||||| ||spa||
041 _aESP
082 _a624.193
_bG86
100 _aGuerra Torralbo, Juan Carlos
_eAUT
245 0 _aManual de procedimientos constructivos de túneles
_b
260 _c2017
300 _a530 páginas :
_c24 cm.
650 _a0
654 _aCIC
942 _cLIB
_dJUS
_fJUS
_2ddc
_n
999 _c23147
_d23147